[Event "Titled Tue 25th Apr Early"]
[Site "chess.com INT"]
[Date "2023.04.25"]
[Round "8"]
[White "Deac, Bogdan-Daniel"]
[Black "Andreikin, D."]
[Result "1-0"]
[WhiteElo "2700"]
[BlackElo "2729"]
[PlyCount "77"]
[EventDate "2023.04.25"]

1. d4 d5 2. c4 e6 3. Nc3 a6 4. cxd5 exd5 5. a3 h6 ({RR} 5... c6 6. Bf4 Bd6 7. Bxd6 Qxd6 8. e3 Ne7 9. Nge2 O-O 10. Ng3 Be6 11. Bd3 Nd7 12. O-O g6 13. Bc2 Rae8 14. Qd2 f5 15. Nge2 Nc8 16. Nf4 Qe7 17. Rae1 Nd6 18. f3 Qg7 19. Kh1 Bf7 20. Nd3 {Deac,B (2691)-Dishman,S (2358) Vrnjacka Banja SRB 2024 1-0 (50)}) 6. Bf4 ({RR} 6. g3 Nf6 7. Bg2 c6 8. Nf3 Bd6 9. O-O O-O 10. Ne5 Re8 11. f4 Bf5 12. h3 Bh7 13. Kh2 Nbd7 14. e3 Qe7 15. Bd2 Ne4 16. Nxe4 Bxe4 17. Bxe4 dxe4 18. Qb3 Nf6 19. Rae1 Rad8 20. Ba5 Rc8 {Manolache,M (2408)-Eliseev,S (2201) chess.com INT 2025 1-0 (37)}) 6... Nf6 7. e3 Bd6 8. Nge2 $146 ({RR} 8. Bxd6 Qxd6 9. Bd3 O-O 10. Nge2 c6 11. h3 Re8 12. Qc2 Nbd7 13. O-O Nf8 14. b4 Ne6 15. Rab1 Ng5 16. Nf4 Nfe4 17. Na4 Bf5 18. Nc5 Qe7 19. h4 Ne6 20. Nfxe6 fxe6 21. Nxe4 dxe4 22. Bxe4 Qxh4 {Bluebaum,M (2664)-Guz,A (2308) Chess.com INT 2022 ½-½ (72)}) 8... O-O 9. g3 c6 10. Bg2 Re8 11. O-O Bf8 12. h3 Nbd7 13. g4 Be7 14. f3 Nf8 15. e4 dxe4 16. fxe4 Ng6 17. Bg3 Be6 18. Qd3 Qb6 19. Qf3 Rad8 20. Bf2 Qc7 21. Rac1 Bc4 22. Kh1 b5 23. Bg3 Qb6 24. h4 c5 25. e5 cxd4 26. exf6 Bxf6 27. Ne4 Bxh4 28. Rxc4 bxc4 29. Qxf7+ Kh8 30. Bc7 Qxb2 31. Bxd8 Rxd8 32. Qxg6 Qxe2 33. Nd6 Kg8 34. Bd5+ Kh8 35. Nf7+ Kg8 36. Nxh6+ Kh8 37. Nf7+ Kg8 38. Nxd8+ Kh8 39. Rf8# 1-0

[Event "Stepan Avagyan Mem 2023"]
[Site "Jermuk ARM"]
[Date "2023.05.08"]
[Round "6.3"]
[White "Narayanan, SL."]
[Black "Yakubboev, Nodirbek"]
[Result "0-1"]
[WhiteElo "2661"]
[BlackElo "2630"]
[PlyCount "54"]
[EventDate "2023.05.03"]

1. d4 d5 2. c4 e6 3. Nc3 a6 4. cxd5 exd5 5. Nf3 Nf6 6. Bg5 Be6 7. e3 Nbd7 8. Bd3 h6 9. Bh4 c6 ({RR} 9... Bd6 10. O-O O-O 11. Rc1 c6 12. Nd2 Re8 13. f4 Bg4 14. Qe1 Qe7 15. e4 dxe4 16. Ndxe4 Bb4 17. h3 Be6 18. a3 Bxc3 19. bxc3 Bd5 20. Nxf6+ Nxf6 21. Qxe7 Rxe7 22. c4 Be4 23. Rfe1 Rae8 24. Bf1 {Caruana,F (2781)-Andreikin,D (2729) Chess.com INT 2022 ½-½ (43)}) 10. Ne5 Qb6 $146 ({RR} 10... Bd6 11. f4 g5 12. Bf2 Nf8 13. O-O Qc7 14. Kh1 O-O-O 15. f5 Bd7 16. Nxf7 N8h7 17. Nxd6+ Qxd6 18. Bg3 Qe7 19. Na4 Rdg8 20. Nc5 h5 21. Qb3 Be8 22. Bxa6 {1-0 (22) Collin,M (2165)-Menzi,J (2024) Basel SUI 2023}) ({RR} 10... Be7 11. f4 Nxe5 12. fxe5 Ng4 13. Bxe7 Qxe7 14. Qf3 Qh4+ 15. g3 Qg5 16. Qf4 Nxe3 17. Kd2 Nf5 18. Bxf5 Bxf5 19. Rhf1 Bh3 20. Rf2 Ke7 21. Na4 Rhc8 22. Kc3 Rab8 23. Qxf7+ Kd8 24. Qf8+ Kc7 25. Qd6# {Medina,M (2368)-Erzhanov,A (2136) chess.com INT 2025 1-0}) 11. Nxd7 Nxd7 12. Qc2 Bd6 13. O-O-O Qc7 14. f4 Bxf4 15. Kb1 Bxe3 16. Rde1 Qf4 17. Bg3 Qxd4 18. Bf5 O-O 19. Bxe6 fxe6 20. Qe2 Bg5 21. Qxe6+ Rf7 22. Rhf1 Bf6 23. Rd1 Qb6 24. Rd2 Raf8 25. Rf3 Bxc3 26. Rxc3 Nf6 27. Rb3 Qg1+ 0-1

[Event "ChessKid Cup Play-In"]
[Site "chess.com INT"]
[Date "2023.05.01"]
[Round "3.4"]
[White "Navara, D."]
[Black "Anton Guijarro, D."]
[Result "0-1"]
[WhiteElo "2676"]
[BlackElo "2690"]
[PlyCount "56"]
[EventDate "2023.05.01"]

1. d4 d5 2. c4 e6 3. Nc3 Bb4 4. a3 Bxc3+ 5. bxc3 Nf6 6. e3 c6 7. a4 O-O 8. Ba3 Re8 9. Nf3 Qc7 10. Qc2 ({RR} 10. Rc1 Nbd7 11. Be2 a6 12. cxd5 exd5 13. c4 Qa5+ 14. Kf1 b5 15. c5 b4 16. Bb2 Qc7 17. Nd2 Ne4 18. Nb3 a5 19. f3 Ng5 20. Qd2 h6 21. Bd3 Ba6 22. Bxa6 Rxa6 23. Re1 Nf6 24. Bc1 Raa8 {Le,Q (2709)-Maghsoodloo,P (2706) Kolkata 2021 0-1 (54)}) ({RR} 10. Rc1 Nbd7 11. cxd5 cxd5 12. Qb3 Nb6 13. Nd2 Bd7 14. a5 Nc8 15. Bb4 Ne7 16. Be2 Nc6 17. Qa3 Nxb4 18. cxb4 Qd6 19. O-O Rec8 20. Bd3 b6 21. h3 {½-½ (21) Hillarp Persson,T (2434)-Rozentalis,E (2449) Denmark DEN 2026}) 10... b6 $146 ({RR} 10... Nbd7 11. cxd5 cxd5 12. c4 e5 13. dxe5 Nxe5 14. Nxe5 Qxe5 15. Bb2 Qg5 16. h4 Qh6 17. Be2 Bg4 18. O-O Bxe2 19. Qxe2 dxc4 20. Bxf6 Qxf6 21. Qxc4 Rac8 22. Qb4 b6 23. a5 h5 24. axb6 axb6 25. Rab1 {Aditya,M (2565)-Bluebaum,M (2640) chess.com INT 2024 ½-½ (31)}) 11. cxd5 cxd5 12. Bb5 Bd7 13. Bd3 Nc6 14. O-O e5 15. dxe5 Nxe5 16. Nxe5 Rxe5 17. Rfc1 Rh5 18. h3 Bxh3 19. gxh3 Rxh3 20. Kf1 Ng4 21. Ke1 Rxe3+ 22. Be2 Rae8 23. fxe3 Qg3+ 24. Kd2 Qxe3+ 25. Kd1 Qg1+ 26. Kd2 Rxe2+ 27. Kxe2 Qf2+ 28. Kd1 Ne3# 0-1

[Event "ChessKid Cup Div 3 W"]
[Site "chess.com INT"]
[Date "2023.05.22"]
[Round "2.1"]
[White "Harikrishna, P."]
[Black "Yu Yangyi"]
[Result "1/2-1/2"]
[WhiteElo "2704"]
[BlackElo "2729"]
[PlyCount "81"]
[EventDate "2023.05.22"]
[EventType "k.o."]

1. c4 e6 2. Nc3 d5 3. d4 h6 4. Nf3 Nf6 5. e3 c5 6. cxd5 ({RR} 6. a3 dxc4 7. Bxc4 Nc6 8. O-O cxd4 9. exd4 Be7 10. Qe2 O-O 11. Rd1 Nd5 12. Ne5 Bf6 13. Rd3 Nb6 14. Ba2 Nxd4 15. Qe4 Bxe5 16. Qxe5 Nc6 17. Qe4 Qf6 18. Rg3 Rd8 19. Bb1 Nd4 20. Qh7+ Kf8 {Bu Xiangzhi (2684)-Wang Hao (2701) Shaoxing CHN 2025 1-0 (35)}) 6... exd5 7. Bb5+ Nc6 8. O-O Bd6 $146 ({RR} 8... a6 9. Be2 Be6 10. Bd2 Qc7 11. Rc1 c4 12. Re1 Bd6 13. Bf1 Ng4 14. h3 Bh2+ 15. Kh1 Nxf2# {0-1 (15) Chlevistan,J-Milat,P (1791) Ostrava 2011}) ({RR} 8... a6 9. Bxc6+ bxc6 10. Qc2 Qc7 11. e4 Be7 12. dxc5 Bxc5 13. e5 Ng8 14. Be3 Bb6 15. Bxb6 Qxb6 16. Na4 Qc7 17. Nd4 Ne7 18. Rae1 O-O 19. Nc5 g6 20. e6 Qd6 21. Qc1 fxe6 22. Ndxe6 Rf6 23. Qc3 {Ibrahimli,M (2461)-Hajialiyev,I (2092) Sheki AZE 2026 1-0 (35)}) 9. dxc5 Bxc5 10. b3 O-O 11. Bb2 Bg4 12. Bxc6 bxc6 13. Rc1 Rc8 14. Ne2 Bd6 15. Ng3 Re8 16. Qd3 Bxf3 17. gxf3 Be5 18. Bxe5 Rxe5 19. Qd4 Re6 20. Rc2 Qb6 21. Qxb6 axb6 22. a4 c5 23. Rd1 Rd8 24. Ne2 Red6 25. Rcd2 R6d7 26. b4 Ra8 27. bxc5 bxc5 28. Nc3 Rc7 29. Nxd5 Nxd5 30. Rxd5 Rxa4 31. Rc1 c4 32. Rd4 g6 33. f4 Kg7 34. Kg2 Rb4 35. h4 h5 36. Kf3 Rc5 37. Rc3 Ra4 38. Kg3 Rb4 39. Kf3 Ra4 40. Kg3 Rb4 41. Kf3 1/2-1/2

[Event "PRO League Prelim 2023"]
[Site "chess.com INT"]
[Date "2023.02.22"]
[Round "2.4"]
[White "Caruana, F."]
[Black "Erigaisi, Arjun"]
[Result "1-0"]
[WhiteElo "2766"]
[BlackElo "2701"]
[PlyCount "95"]
[EventDate "2023.02.14"]
[WhiteTeam "Saint Louis Arch Bishops"]
[BlackTeam "MGD1"]

1. c4 e6 2. Nc3 d5 3. d4 c6 4. cxd5 exd5 5. Bf4 Nf6 6. e3 Bf5 7. Nge2 Nh5 8. Ng3 Nxf4 9. Nxf5 Ne6 10. g3 Nd7 11. a3 $146 ({RR} 11. Bd3 g6 12. Nh4 Bg7 13. Nf3 O-O 14. O-O b5 15. Rc1 Rc8 16. h4 a5 17. Kg2 Qe7 18. Ne2 b4 19. Nf4 Nxf4+ 20. exf4 c5 21. f5 cxd4 22. Rxc8 Rxc8 23. fxg6 hxg6 24. h5 Qf6 25. hxg6 fxg6 {Carlsen,M (2852)-Erigaisi,A (2701) chess.com INT 2023 0-1 (49)}) 11... g6 12. Nh4 Bg7 13. Nf3 O-O 14. h4 c5 15. Bh3 cxd4 16. exd4 Nb6 17. O-O Qf6 18. Bxe6 Qxe6 19. Qd3 a6 20. Kg2 Rad8 21. Rae1 Qc6 22. h5 Nc4 23. Re2 Rfe8 24. Rfe1 Rxe2 25. Rxe2 Bf8 26. a4 Qc7 27. b3 Na5 28. Re5 Nc6 29. Re2 Bh6 30. Ne5 Bg7 31. Nxc6 Qxc6 32. Re7 Bf6 33. Re3 Qd7 34. Ne2 Re8 35. Rxe8+ Qxe8 36. Nc3 Qe6 37. Qf3 Bxd4 38. Nxd5 Bg7 39. Nf4 Qd7 40. Nd5 Qe6 41. b4 Bf8 42. b5 axb5 43. axb5 b6 44. Nf6+ Kh8 45. Qc6 Be7 46. h6 Bf8 47. Nd7 Bxh6 48. Qc8+ 1-0

[Event "Titled Tue 30th May Early"]
[Site "chess.com INT"]
[Date "2023.05.30"]
[Round "9"]
[White "Kovalenko, I."]
[Black "Bluebaum, M."]
[Result "0-1"]
[WhiteElo "2674"]
[BlackElo "2669"]
[PlyCount "72"]
[EventDate "2023.05.30"]

1. c4 e6 2. Nc3 d5 3. d4 Bb4 4. e3 Nf6 5. a3 Bxc3+ 6. bxc3 c6 7. a4 O-O 8. Nf3 Qc7 9. Ba3 Re8 10. Be2 dxc4 ({RR} 10... b6 11. O-O Ba6 12. Nd2 Nbd7 13. cxd5 Bxe2 14. Qxe2 exd5 15. c4 c5 16. dxc5 Nxc5 17. Bb2 Nfe4 18. Rfc1 Rad8 19. cxd5 Rxd5 20. Nxe4 Rxe4 21. a5 Rd8 22. axb6 axb6 23. Qc2 Re6 24. Bd4 h6 25. h3 {Ilinca,F (2431)-Bluebaum,M (2663) chess.com INT 2025 1-0 (102)}) 11. Bxc4 c5 12. Bb5 Bd7 13. dxc5 $146 ({RR} 13. O-O Bxb5 14. axb5 Nbd7 15. Qb1 e5 16. Qf5 a6 17. b6 Nxb6 18. dxe5 Nfd7 19. Ng5 Nf8 20. e6 fxe6 21. Qe4 h6 22. Nf3 Nd5 23. c4 Nf6 24. Qc2 e5 25. Qf5 Qd7 26. Qb1 e4 27. Rd1 Qf7 {Holt,C (2540)-Bluebaum,M (2649) chess.com INT 2024 0-1 (38)}) 13... a6 14. Be2 Bc6 15. O-O Nbd7 16. Qd6 Qc8 17. a5 Ne4 18. Qd4 e5 19. Qc4 Ndf6 20. Qb3 Bd5 21. Qb4 Qf5 22. Rad1 Rac8 23. c4 Bc6 24. Qb2 Ng5 25. Ne1 Nh3+ 26. Kh1 Nxf2+ 27. Kg1 Nxd1 28. Bxd1 Qg6 29. Nf3 Rcd8 30. Bc2 Be4 31. Ba4 Re6 32. Qc3 Rd3 33. Qb2 Rxe3 34. c6 bxc6 35. Bc5 Rxf3 36. Rxf3 Bxf3 0-1

[Event "ChessKid Cup Div 3 L"]
[Site "chess.com INT"]
[Date "2023.05.23"]
[Round "3.2"]
[White "Yu Yangyi"]
[Black "Bluebaum, M."]
[Result "1-0"]
[WhiteElo "2729"]
[BlackElo "2669"]
[PlyCount "57"]
[EventDate "2023.05.22"]
[EventType "k.o."]

1. d4 d5 2. c4 e6 3. Nc3 Bb4 4. cxd5 exd5 5. Bf4 c5 6. e3 c4 7. Nge2 Nc6 8. a3 Ba5 9. b4 cxb3 10. Qxb3 Be6 11. Rc1 $146 ({RR} 11. f3 Nge7 12. Kf2 O-O 13. Qxb7 Bb6 14. Qa6 Ng6 15. Bg3 f5 16. f4 h5 17. h4 Nh8 18. Na4 Nf7 19. Nec3 Nd6 20. Be2 Nxd4 21. exd4 Bxd4+ 22. Kf1 Rc8 23. Be1 Qe7 24. Rd1 Be3 25. Rh3 Bxf4 {Mendonca,L (2642)-Vantika,A (2392) Doha QAT 2024 ½-½ (78)}) ({RR} 11. f3 Rc8 12. Kf2 Nge7 13. Nb5 O-O 14. Nd6 Ra8 15. Nxb7 Qc8 16. Nxa5 Nxa5 17. Qb4 Nec6 18. Qc3 Qd8 19. h4 Rc8 20. Qd3 Ne7 21. g4 Nc4 22. Bg2 Nb2 23. Qb3 Nc4 24. h5 h6 25. Qd3 Nb2 {Suleymanli,A (2657)-Bluebaum,M (2694) Biel SUI 2026 ½-½ (71)}) 11... Nf6 12. Bg5 h6 13. Bxf6 Qxf6 14. Ng3 h5 15. Be2 g6 16. O-O Bxc3 17. Qxb7 O-O 18. Rxc3 Rab8 19. Qa6 Rb6 20. Qa4 Bd7 21. Bf3 h4 22. Ne2 h3 23. Nf4 hxg2 24. Bxg2 Qg5 25. Rc5 Ne5 26. Qxa7 Nf3+ 27. Kh1 Bb5 28. Qxb6 Bxf1 29. Bxf3 1-0

[Event "Titled Tue 11th Jul Late"]
[Site "chess.com INT"]
[Date "2023.07.11"]
[Round "10"]
[White "Warmerdam, Max"]
[Black "Bluebaum, M."]
[Result "0-1"]
[WhiteElo "2607"]
[BlackElo "2672"]
[PlyCount "94"]
[EventDate "2023.07.11"]

1. d4 d5 2. c4 e6 3. Nc3 Bb4 4. cxd5 exd5 5. Bf4 c5 6. e3 c4 ({RR} 6... Nf6 7. Bd3 cxd4 8. exd4 O-O 9. Nge2 Nc6 10. O-O Bg4 11. Qb3 Bxc3 12. Nxc3 Nxd4 13. Qxb7 Ne6 14. Bg3 Nc5 15. Qb5 Rc8 16. Be2 d4 17. Bxg4 Nxg4 18. Rad1 Ne6 19. Ne4 Qb6 20. Qe2 Nh6 21. Nd6 {Abdusattorov,N (2771)-Praggnanandhaa,R (2779) Zagreb CRO 2025 1-0 (42)}) 7. Nge2 Nc6 8. h4 $146 ({RR} 8. a3 Ba5 9. b4 cxb3 10. Qxb3 Be6 11. f3 Nge7 12. Kf2 O-O 13. Qxb7 Bb6 14. Qa6 Ng6 15. Bg3 f5 16. f4 h5 17. h4 Nh8 18. Na4 Nf7 19. Nec3 Nd6 20. Be2 Nxd4 21. exd4 Bxd4+ 22. Kf1 Rc8 {Mendonca,L (2642)-Vantika,A (2392) Doha QAT 2024 ½-½ (78)}) ({RR} 8. a3 Ba5 9. b4 cxb3 10. Qxb3 Be6 11. f3 Rc8 12. Kf2 Nge7 13. Nb5 O-O 14. Nd6 Ra8 15. Nxb7 Qc8 16. Nxa5 Nxa5 17. Qb4 Nec6 18. Qc3 Qd8 19. h4 Rc8 20. Qd3 Ne7 21. g4 Nc4 22. Bg2 Nb2 {Suleymanli,A (2657)-Bluebaum,M (2694) Biel SUI 2026 ½-½ (71)}) 8... h6 9. g3 Nge7 10. Bg2 Be6 11. O-O O-O 12. a3 Ba5 13. b3 Bg4 14. Qb1 Bf5 15. Qb2 Bd3 16. Rfc1 cxb3 17. Qxb3 Bc4 18. Qxb7 Bb6 19. Rab1 Na5 20. Rxb6 Nxb7 21. Rxb7 Rc8 22. Rcb1 Ng6 23. Rxa7 Bd3 24. Rbb7 Nxf4 25. gxf4 Bxe2 26. Nxe2 Qxh4 27. Bxd5 Qg4+ 28. Ng3 Kh8 29. Bxf7 Rb8 30. Bh5 Rxb7 31. Bxg4 Rxa7 32. Kg2 Rxa3 33. Kf3 g6 34. Be6 Kg7 35. Ke4 h5 36. d5 h4 37. Nf1 Ra2 38. Kf3 g5 39. f5 g4+ 40. Kg2 g3 41. Nxg3 hxg3 42. Kxg3 Kf6 43. f4 Ra3 44. Kf2 Rh8 45. d6 Rh2+ 46. Kg3 Rd2 47. Kf3 Rxd6 0-1

[Event "Titled Tue 13th Jun Early"]
[Site "chess.com INT"]
[Date "2023.06.13"]
[Round "10"]
[White "Bok, B."]
[Black "Nihal, Sarin"]
[Result "1/2-1/2"]
[WhiteElo "2615"]
[BlackElo "2681"]
[PlyCount "115"]
[EventDate "2023.06.13"]

1. d4 d5 2. c4 e6 3. Nc3 h6 4. Nf3 Nf6 5. Bf4 Bd6 6. Bxd6 Qxd6 7. e3 O-O 8. Rc1 Qe7 9. Qc2 ({RR} 9. Qb3 Rd8 10. Be2 c6 11. O-O Nbd7 12. Rfd1 a6 13. Qc2 dxc4 14. Bxc4 b5 15. Be2 Bb7 16. Ne4 Nxe4 17. Qxe4 Rab8 18. Bd3 f5 19. Qf4 c5 20. dxc5 Bxf3 21. Qxf3 Nxc5 22. Bc2 Rbc8 23. h3 Rc7 {Vidit,S (2708)-Nihal,S (2716) Kolkata IND 2026 1-0 (38)}) ({RR} 9. cxd5 exd5 10. Bd3 c6 11. O-O Bg4 12. h3 Bxf3 13. Qxf3 Nbd7 14. Qf4 Rfe8 15. Qc7 Qb4 16. Rb1 Rac8 17. Qg3 Nb6 18. a3 Qb3 19. Qf3 Nc4 {½-½ (19) Kopylov,D (2422)-Galyas,M (2393) Germany GER 2026}) 9... c6 $146 ({RR} 9... Nbd7 10. cxd5 exd5 11. Bd3 c6 12. O-O Re8 13. Nd2 Nf8 14. Rfe1 Ne6 15. f3 b6 16. Nf1 c5 17. Qf2 Bb7 18. Ng3 g6 19. f4 cxd4 20. exd4 Qb4 21. Nce2 Ng4 22. Qf3 h5 23. a3 Qxb2 24. Rb1 {Toktomushev,T (2255)-Makridis,D (2387) Vrnjacka Banja SRB 2023 ½-½ (42)}) 10. a3 Nbd7 11. cxd5 exd5 12. Bd3 Re8 13. Nd2 c5 14. O-O c4 15. Bf5 Nb6 16. Rfe1 Bxf5 17. Qxf5 Rad8 18. h3 a6 19. e4 dxe4 20. Ndxe4 Nfd5 21. Nxd5 Nxd5 22. Rxc4 g6 23. Qf3 Kg7 24. Rcc1 b6 25. g3 Qd7 26. Kg2 Re6 27. Nc3 Rd6 28. Nxd5 Rxd5 29. Re4 Rxd4 30. Qc3 Qd5 31. Qxd4+ Qxd4 32. Rxd4 Rxd4 33. Rc6 b5 34. Rxa6 Rd3 35. b4 h5 36. h4 Rb3 37. Ra5 Kf6 38. Rxb5 Rxa3 39. Rb7 Rb3 40. b5 Ke6 41. b6 f6 42. Rb8 Kf7 43. Kf1 Rb2 44. Ke1 g5 45. hxg5 fxg5 46. Kf1 Kg7 47. f4 gxf4 48. gxf4 Rb4 49. Kg2 Rxf4 50. Rc8 Rb4 51. Rc6 Kf7 52. Kh3 Ke7 53. Rh6 Kd7 54. b7 Rxb7 55. Rh7+ Kc8 56. Rxb7 Kxb7 57. Kh4 Kb6 58. Kxh5 1/2-1/2

[Event "Titled Tue 27th Jun Late"]
[Site "chess.com INT"]
[Date "2023.06.27"]
[Round "5"]
[White "Sjugirov, S."]
[Black "Andreikin, D."]
[Result "1-0"]
[WhiteElo "2699"]
[BlackElo "2729"]
[PlyCount "81"]
[EventDate "2023.06.27"]

1. d4 d5 2. c4 e6 3. Nc3 a6 4. cxd5 exd5 5. Bf4 Nf6 6. e3 Bd6 7. Qf3 O-O 8. Bd3 c6 9. h3 Bxf4 10. Qxf4 Qb6 $146 ({RR} 10... Nbd7 11. Nf3 Re8 12. O-O Nf8 13. Ne5 Qe7 14. Rab1 c5 15. Rfe1 c4 16. Bc2 b5 17. Nc6 Qe6 18. Na5 Qb6 19. b4 cxb3 20. Nxb3 Ne6 21. Qg3 Bd7 22. e4 dxe4 23. d5 Nf8 24. Bxe4 Rac8 25. Nd2 {Freneaux,T (2034)-Bertholee,R (2356) Haarlem 2002 0-1}) ({RR} 10... Re8 11. Nf3 Nbd7 12. g4 Nf8 13. g5 Ne4 14. Nxe4 dxe4 15. Bxe4 Qa5+ 16. Kf1 Ng6 17. Bxg6 fxg6 18. Ne5 Rf8 19. Qg3 Be6 20. Kg2 Qd2 21. Rhd1 Qxb2 22. Nd3 Bd5+ 23. Kg1 Qc2 24. Nf4 Qe4 25. Kh2 {Klukin,K (2415)-Kourkoulos Arditis,S (2582) chess.com INT 2026 0-1 (80)}) 11. Rb1 c5 12. dxc5 Qxc5 13. Nf3 Nc6 14. O-O Rd8 15. Rfd1 Qb4 16. Qxb4 Nxb4 17. Be2 Be6 18. Nd4 Rac8 19. Bf3 Nc6 20. Nxc6 bxc6 21. Rbc1 c5 22. Na4 d4 23. Nxc5 dxe3 24. Rxd8+ Rxd8 25. Nxe6 exf2+ 26. Kxf2 fxe6 27. Ke3 Nd5+ 28. Bxd5 Rxd5 29. Rc6 Re5+ 30. Kd3 Rg5 31. Rxa6 Rxg2 32. Rb6 Rg3+ 33. Ke2 Rxh3 34. a4 Kf7 35. a5 Rh1 36. a6 Ra1 37. b4 Ke7 38. b5 Kd7 39. Rb7+ Kc8 40. Rxg7 Ra5 41. a7 1-0

[Event "Global Chess League 2023"]
[Site "Dubai UAE"]
[Date "2023.06.24"]
[Round "3.3"]
[White "Wei Yi"]
[Black "Erigaisi, Arjun"]
[Result "1/2-1/2"]
[WhiteElo "2722"]
[BlackElo "2702"]
[PlyCount "75"]
[EventDate "2023.06.22"]
[WhiteTeam "Triveni Continental Kings"]
[BlackTeam "SG Alpine Warriors"]

1. d4 d5 2. c4 e6 3. Nc3 c6 4. e4 dxe4 5. Nxe4 Bb4+ 6. Bd2 Qxd4 7. Bxb4 Qxe4+ 8. Be2 Na6 9. Ba5 b6 10. Qd6 e5 ({RR} 10... Bd7 11. Bc3 f6 12. O-O-O O-O-O 13. b3 Qxg2 14. Bf3 Qg5+ 15. Kb2 Qc5 16. Qg3 Ne7 17. Qxg7 Nf5 18. Qxf6 Rhf8 19. Qg5 Qxf2+ 20. Rd2 Qe3 21. Qxe3 Nxe3 22. Rd3 Nf5 23. b4 e5 24. Be4 Nd4 25. Nf3 {Van Wely,L (2697)-Shirov,A (2715) Monte Carlo 2002 0-1 (45)}) 11. Bc3 Ne7 ({RR} 11... Nc5 12. Rd1 Bf5 13. b4 Nd7 14. Nf3 Ne7 15. h3 h6 16. Kf1 Be6 17. Nxe5 Nxe5 18. Qxe5 Qxe5 19. Bxe5 O-O 20. g3 a5 21. a3 axb4 22. axb4 Ra4 23. Kg2 Rxb4 24. Rb1 Rxb1 25. Rxb1 b5 26. cxb5 {Pashikyan,R (2373)-Mohammadi,M (2244) Fujairah 2025 ½-½ (55)}) 12. Qxe5 $146 ({RR} 12. Nf3 Bf5 13. Qxe5 Qxe5 14. Nxe5 O-O 15. O-O-O Rad8 16. b4 f6 17. Nf3 c5 18. b5 Nc7 19. Rhe1 Nc8 20. Bd2 g5 21. Bc3 Kf7 22. h4 h6 23. Nd2 Bg6 24. h5 Bh7 25. g3 Nd6 26. a4 Rfe8 {Krush,I (2415)-Tokhirjonova,G (2366) Saint Louis USA 2024 0-1 (77)}) 12... Qxe5 13. Bxe5 f6 14. Bc3 Nc5 15. O-O-O Kf7 16. Nf3 Ne4 17. Be1 c5 18. Nd2 Nxd2 19. Bxd2 Bb7 20. f3 Rad8 21. Be3 Bc6 22. Rxd8 Rxd8 23. Rd1 Re8 24. Bd3 Ng6 25. Bxg6+ hxg6 26. Kd2 g5 27. h3 Rd8+ 28. Ke2 Rxd1 29. Kxd1 Ke6 30. b3 Be8 31. Kd2 Bg6 32. Bf2 Kd7 33. Bg3 Bb1 34. a3 Bf5 35. Bh2 Bg6 36. Bg3 Bf5 37. Bh2 Bg6 38. Bg3 1/2-1/2

[Event "Titled Tue 11th Jul Early"]
[Site "chess.com INT"]
[Date "2023.07.11"]
[Round "9"]
[White "Bok, B."]
[Black "Deac, Bogdan-Daniel"]
[Result "1-0"]
[WhiteElo "2615"]
[BlackElo "2693"]
[PlyCount "81"]
[EventDate "2023.07.11"]

1. d4 d5 2. c4 e6 3. Nc3 a6 4. cxd5 exd5 5. Nf3 Nf6 6. Bg5 Be6 7. e3 Nbd7 8. h3 h6 9. Bf4 Bf5 10. Qb3 Nb6 11. Be2 Be7 12. O-O O-O 13. Rfc1 c6 14. Ne5 Be6 $146 ({RR} 14... a5 15. a4 Ra7 16. Qd1 Nbd7 17. Bd3 Bxd3 18. Nxd3 Re8 19. Qf3 {½-½ (19) Laurusas,T (2567)-Kazakouski,V (2524) Kaunas 2022}) 15. Bh2 Re8 16. Nd3 Nfd7 17. a4 a5 18. Nb5 cxb5 19. Bc7 bxa4 20. Qb5 Qc8 21. Bxb6 Qb8 22. Bc7 Qa7 23. Nf4 Nf6 24. Nxe6 fxe6 25. Bb6 Qb8 26. Rxa4 Rc8 27. Rxc8+ Qxc8 28. Rxa5 Rxa5 29. Bxa5 Ne4 30. g3 Qc2 31. Kg2 Nd6 32. Qd7 Qxe2 33. Qxe7 Ne4 34. Qxe6+ Kh8 35. Qc8+ Kh7 36. Qf5+ Kh8 37. Bc7 Qxb2 38. Qf8+ Kh7 39. Be5 Nf6 40. Bxf6 gxf6 41. Qf7+ 1-0

[Event "6th Sharjah Masters 2023"]
[Site "Sharjah UAE"]
[Date "2023.05.24"]
[Round "8.30"]
[White "Puranik, A."]
[Black "Harsha, B."]
[Result "1/2-1/2"]
[WhiteElo "2613"]
[BlackElo "2602"]
[PlyCount "53"]
[EventDate "2023.05.17"]

1. c4 {Krasenkow,Michal} e6 2. Nc3 d5 3. d4 c6 4. e4 dxe4 5. Nxe4 Bb4+ 6. Bd2 Qxd4 7. Bxb4 Qxe4+ 8. Ne2 Na6 ({RR} 8... Nd7) 9. Bf8 Ne7 10. Bxg7 Nb4 11. Qd6 ({RR} 11. Bxh8 e5) 11... Nd3+ 12. Kd2 Nf5 13. Qxd3 Qxd3+ 14. Kxd3 Nxg7 15. Kc3 ({RR} 15. Ng3 c5 ({RR} 15... b6 16. c5 Ke7 17. Kc3 Rd8 18. f4 bxc5 19. Re1 Ne8 20. Ne4 Nf6 21. Nxf6 Kxf6 22. Bd3 h6 23. Re5 Rd5 24. Rhe1 Bb7 25. Bc4) 16. Be2 b6 17. Bf3 Rb8 18. Kc3 ({RR} 18. Rad1 Bb7 19. Bxb7 Rxb7 20. Ke4 h5 21. h4 Rh6 22. f4 Rg6 23. Kf3 Rd7) 18... Bb7 19. Bxb7 Rxb7 20. Rad1 Ke7 21. Rhe1 Rbb8 22. a3 Rhd8 23. Rxd8 Rxd8 24. b4 Rc8 25. Ne4 cxb4+ 26. axb4 Ne8 27. f4 Nc7 28. Kb3 Rd8) 15... b6 ({RR} 15... e5 16. Re1 O-O 17. f4 Re8 ({RR} 17... e4 18. Nd4 f5) 18. Ng3 exf4 19. Rxe8+ Nxe8 20. Nh5 Bf5 21. Be2 Nd6 22. Bf3 Bg6 23. Nxf4 Ne4+ 24. Bxe4 Bxe4 25. Rd1) ({RR} 15... Bd7 16. c5 ({RR} 16. Ng3 O-O-O 17. Ne4) 16... e5 17. Ng3 Ne6 18. Ne4 Ke7 19. Bc4 f5 20. Bxe6 Bxe6 21. Nd6 b6) ({RR} 15... Ke7 16. Re1 ({RR} 16. Ng3 c5 17. Bd3 b6 18. Be4 Rb8 19. Rhe1 Bb7 20. Rad1 Bxe4 21. Rxe4 f5 22. Ree1 Rbd8 23. b4 Rxd1 24. Rxd1 Rc8 25. b5 Ne8 26. Nh5 Rd8) 16... Bd7 17. g3 Rad8 18. Bg2 f6 19. f4 h5 20. Nc1 Be8 21. b4 Bg6) ({RR} 15... c5 16. g3 Bd7 ({RR} 16... b6 17. Bg2 Rb8 18. Rhd1 Bb7 19. Bxb7 Rxb7 20. Rd3 Rd7 21. Rad1 Rxd3+ 22. Rxd3 Ke7 23. Kc2 Rb8 24. Ra3 Rb7 25. g4 h5 26. gxh5 Nxh5 27. Nc3 Nf6 28. h3 Nd7 29. Nb5 a5) 17. Bg2 O-O-O 18. Rad1 ({RR} 18. Rab1 e5 19. Rhe1) 18... Kc7 19. Nf4 Bc6 20. Bxc6 Kxc6 21. Nd3 f6 22. Rhe1 Rd6 23. Nf4 Rhd8 24. Rxd6+ Rxd6 25. a3 a6 26. b4 b5 27. Nd3 cxb4+ 28. axb4 bxc4 29. Kxc4 Ne8 30. Nc5) ({RR} 15... e5 16. Re1 O-O 17. Ng3 f6 18. Bd3 Ne6 19. Bf5 Nf4 20. Bxc8 Raxc8 21. Nf5 Rcd8 22. Re3 Kf7 23. g3 Ne6 24. f4 Nd4 25. g4 Nxf5 26. gxf5 exf4 27. Rh3 h5 28. Rf1 Rg8 29. Rxh5 Rh8 30. Rxh8 {Karthikeyan,P (2304)-Dinesh,R (2301) Nara Village IND 2026 ½-½ (31)}) 16. g4 ({RR} 16. g3 Bb7 17. Bg2 O-O-O 18. Rhd1 c5 19. Bxb7+ Kxb7 20. Ng1 Nf5 21. Nf3 f6 22. Rd2 e5 23. Re1 Nd4 24. Nxd4 Rxd4 25. Rxd4 cxd4+ 26. Kd3 Kc6 27. f4 Kd6 28. fxe5+ fxe5 29. Rf1 Ke6) ({RR} 16. c5 Nh5) 16... Bb7 17. c5 $146 ({RR} 17. Bg2 O-O-O 18. Rad1 c5 19. Bxb7+ Kxb7 20. Nf4 Kc7 21. Rhe1 Rxd1 22. Rxd1 h5 23. g5 Nf5 24. Nd3 Rd8 25. Rd2 Nd6 26. f3 Rg8 27. Rg2 e5 28. Nxe5 f6 29. Nd3 fxg5 30. Ne5 g4 31. fxg4 Rg5 {Koelle,T (2433)-Richter,N (2328) Eberstadt 2022 ½-½ (36)}) ({RR} 17. Bg2 O-O-O 18. Rad1 h5 19. g5 c5 20. Bxb7+ Kxb7 21. Nf4 Nf5 22. Rxd8 Rxd8 23. Nxh5 Rg8 24. h4 ({RR} 24. f4 Rh8 25. Nf6 ({RR} 25. Ng3) 25... Rh3+) ({RR} 24. Rg1 Rh8 25. Ng3 Rxh2 26. Nxf5 exf5 27. Re1 Rxf2 28. Re7+ Kc6 29. Rxf7 Rf3+ 30. Kd2 Rg3 31. Rxf5 Kd6 32. Rd5+ Ke6 33. Kc2 Rg2+ 34. Kb3 Rg3+ 35. Ka4 Rg2 36. Ka3 Rg3+ 37. Ka4 Rg2 38. Ka3 Rg3+) 24... Rh8 25. Ng3 Rxh4 26. Rxh4 Nxh4 27. Ne4 Kc6 28. Kd3 Ng6 29. Ke3 Ne5 30. b3 Kd7 31. Nf6+ Ke7 {Wojtaszek,R (2733)-Giri,A (2750) Biel 2014 CBM 162 [Krasenkow,Michal] ½-½ (50)}) 17... O-O-O 18. Ng3 h5 19. g5 Kc7 20. h4 bxc5 21. Ne4 Rd5 22. Bc4 Rf5 23. Rad1 Bc8 24. Rd2 Rd8 25. Rxd8 Kxd8 26. Be2 Rf4 27. Ng3 1/2-1/2